Sports Quiz

Random Sports or Baseball Quiz

MOST HITS SINCE 1950 (MLB) Quiz Stats

 Plays Quiz not verified by Sporcle

Score 0/23 Timer 08:00
0 Plays Today
Player (Year) % Correct
Ichiro Suzuki (2004)
97.4%
Ichiro Suzuki (2001)
97.4%
Ichiro Suzuki (2007)
97.4%
Ichiro Suzuki (2009)
97.4%
Ichiro Suzuki (2006)
97.4%
Pete Rose (1973)
88%
Tony Gwynn (1997)
78.9%
Wade Boggs (1985)
74.3%
Rod Carew (1977)
62.9%
Paul Molitor (1996)
53.4%
Hank Aaron (1959)
49.4%
Don Mattingly (1986)
43.4%
Player (Year) % Correct
Kirby Puckett (1988)
40%
Kirby Puckett (1986)
40%
Mike Young (2005)
38%
Willie Wilson (1980)
32.9%
Lance Johnson (1996)
31.1%
Juan Pierre (2004)
30.6%
Darin Erstad (2000)
30%
Tommy Davis (1962)
27.7%
Matty Alou (1969)
23.1%
Richie Ashburn (1951)
23.1%
Joe Torre (1971)
20.9%

You're not logged in!

Compare scores with friends on all Sporcle quizzes.
OR
Log In

Show Comments

Extras

Top Quizzes Today


Score Distribution

Your Account Isn't Verified!

In order to create a playlist on Sporcle, you need to verify the email address you used during registration. Go to your Sporcle Settings to finish the process.

Report this User

Report this user for behavior that violates our Community Guidelines.

Details: